00576 2200205 4500001002100000005001500021035002000036007000300056008004100059020002200100082001000122084001600132100002800148245005300176250001100229260003600240300003800276700002300314600003300337INLIS00000000000001920240115121305 a0010-0124000018ta240115 e 0 ind  a978-623-228-081-6 a612.6 a612.6 RAT m0 aRatna Dewi Puspita Sari1 aManapouse Pada Wanita /cRatna Dewi Puspita Sari aKesatu aYogyakarta :bGraha Ilmu,c2019 a29 :bilustrasi berwarna ;c21 CM0 aArif Yudho Prabowo 4aKesehatan, Wanita, Manapouse